000 00569nam a2200205Ia 4500
005 20250923144716.0
008 008 250917s9999 xx 000 0 eng d
037 _aTextual
040 _aDSWL
_beng
_cDSWL
041 _aeng
_2eng
084 _aY15:4, M83
_qDSWL
100 _aMill, John Stuart
_9827606
245 0 _aSubjection of women
_cby John Stuart Mill
260 _aLondon
_bLongman, Green Reader& Dyers
_c1883
300 _a194p.
365 _aINR
_b4
925 _g4
942 _cTEXL
_hY15:4, M83
999 _c1442349
_d1442349